00485nam a2200157Ia 4500008004100000020001800041041000800059082001700067100002100084245010700105260002200212365001600234700002100250906003700271999001900308230714s9999 xx 000 0 und d a9780000000000 aeng a621.395bBAL aBalch M.9174009 aComplete Digital DesignbA Comprehensive Guide To Digital Electronics And Computer System Architecture bTata Mc Graw-Hill cRs.b465.00 aBalch M.9174009 dB:IN 86905-Aug-2013cETC b213.9 c209117d209117